<?xml version="1.0" encoding="UTF-8"?><?xml-stylesheet type="text/xsl" href="static/style.xsl"?><OAI-PMH xmlns="http://www.openarchives.org/OAI/2.0/" xmlns:xsi="http://www.w3.org/2001/XMLSchema-instance" xsi:schemaLocation="http://www.openarchives.org/OAI/2.0/ http://www.openarchives.org/OAI/2.0/OAI-PMH.xsd"><responseDate>2026-04-13T12:33:22Z</responseDate><request verb="GetRecord" identifier="oai:www.recercat.cat:2072/464481" metadataPrefix="marc">https://recercat.cat/oai/request</request><GetRecord><record><header><identifier>oai:recercat.cat:2072/464481</identifier><datestamp>2025-08-01T18:53:07Z</datestamp><setSpec>com_2072_98</setSpec><setSpec>col_2072_378192</setSpec></header><metadata><record xmlns="http://www.loc.gov/MARC21/slim" xmlns:dcterms="http://purl.org/dc/terms/" xmlns:xsi="http://www.w3.org/2001/XMLSchema-instance" xmlns:doc="http://www.lyncode.com/xoai" xsi:schemaLocation="http://www.loc.gov/MARC21/slim http://www.loc.gov/standards/marcxml/schema/MARC21slim.xsd">
   <leader>00925njm 22002777a 4500</leader>
   <datafield ind2=" " ind1=" " tag="042">
      <subfield code="a">dc</subfield>
   </datafield>
   <datafield ind2=" " ind1=" " tag="720">
      <subfield code="a">Zhang-Yu, Cristina</subfield>
      <subfield code="e">author</subfield>
   </datafield>
   <datafield ind2=" " ind1=" " tag="260">
      <subfield code="c">2021</subfield>
   </datafield>
   <datafield ind2=" " ind1=" " tag="520">
      <subfield code="a">En este ensayo autoetnográfico comparto algunas reflexiones apelando a las tensiones y contradicciones de la interculturalidad o el modelo intercultural y su materialización en políticas y prácticas educativas. Mediante un análisis constructivo-interpretativo, dialogo con algunos trabajos de investigadoras, académicas y/o activistas, analizo un documento institucional representativo de la comunidad educativa de Catalunya y escribo desde una triple posición como investigadora, orientadora y aprendiz que ha transitado por el sistema educativo siendo la china. A lo largo del texto, discuto sobre la predominancia del pensamiento eurocéntrico, su lenguaje y su práctica institucionalizada tanto en la educación como en la academia. Asimismo, apelo a un lugar de teorización epistémica y de aplicación político-práctica que sigue siendo excluyente para la población no blanca. Esta aportación pretende visibilizar algunas expresiones del racismo institucional en educación, con el fin de que ésta sea materia de reflexión y discusión para la comunidad educativa e investigadora.</subfield>
   </datafield>
   <datafield ind2=" " ind1=" " tag="520">
      <subfield code="a">In this autoethnographic essay I share some reflections appealing to the tensions and contradictions of interculturality or the intercultural model and its materialization in educational policies and practices. Through a constructive-interpretative analysis, I dialogue with some researchers, academics and/or activists' work, I analyze an institutional document that is representative of the educational community of Catalonia and I write from a triple position as a researcher, counselor and learner who has gone through the educational system being la china. Throughout the text, I discuss the predominance of Eurocentric thinking, its language and its institutionalized practice in both education and academia. Likewise, I appeal to a place of epistemic theorization and political-practical application that continues to exclude the non-white population. This contribution aims to visibilize of some expressions of institutional racism in education, in order to make it a matter of reflection and discussion for the educational and research community.</subfield>
   </datafield>
   <datafield tag="653" ind2=" " ind1=" ">
      <subfield code="a">Interculturalidad</subfield>
   </datafield>
   <datafield tag="653" ind2=" " ind1=" ">
      <subfield code="a">Racismo institucional</subfield>
   </datafield>
   <datafield tag="653" ind2=" " ind1=" ">
      <subfield code="a">Educación</subfield>
   </datafield>
   <datafield tag="653" ind2=" " ind1=" ">
      <subfield code="a">Autoetnografía</subfield>
   </datafield>
   <datafield tag="653" ind2=" " ind1=" ">
      <subfield code="a">Interculturality</subfield>
   </datafield>
   <datafield tag="653" ind2=" " ind1=" ">
      <subfield code="a">Institutional racism</subfield>
   </datafield>
   <datafield tag="653" ind2=" " ind1=" ">
      <subfield code="a">Education</subfield>
   </datafield>
   <datafield tag="653" ind2=" " ind1=" ">
      <subfield code="a">Autoethnography</subfield>
   </datafield>
   <datafield ind2="0" ind1="0" tag="245">
      <subfield code="a">Racismo institucional en educación : reflexiones sobre la interculturalidad</subfield>
   </datafield>
</record></metadata></record></GetRecord></OAI-PMH>